[Event "DVM U12 2022"]
[Site "München GER"]
[Date "2022.12.29"]
[Round "5"]
[White "Rodriguez Klasen, Ennio"]
[Black "Shen, Tingrui"]
[Result "1/2-1/2"]
[Termination "normal"]
[Board "1.1"]
[WhiteElo "1365"]
[BlackElo "1643"]
[WhiteClock "00:09:01"]
[BlackClock "00:27:06"]
[WhiteTeam "SV Empor Berlin"]
[BlackTeam "TV Tegernsee"]
[PlyCount "85"]
[WhiteFideId "16277414"]
[BlackFideId "34603441"]
[EventCountry "GER"]
[EventRounds "7"]
[EventType "team-swiss"]
[EventDate "2022.12.26"]

1. Nf3 {[%clk 01:30:59]} {[%emt 14:18:57]} Nf6 {[%clk 01:29:33]} {[%emt
00:01:26]} 2. g3 {[%clk 01:31:16]} {[%emt 00:00:13]} g6 {[%clk 01:29:25]}
{[%emt 00:00:38]} 3. Bg2 {[%clk 01:31:36]} {[%emt 00:00:10]} Bg7 {[%clk
01:28:48]} {[%emt 00:01:07]} 4. O-O {[%clk 01:31:59]} {[%emt 00:00:07]} d6
{[%clk 01:28:57]} {[%emt 00:00:21]} 5. d4 {[%clk 01:32:20]} {[%emt 00:00:10]}
O-O {[%clk 01:29:01]} {[%emt 00:00:26]} 6. c4 {[%clk 01:32:35]} {[%emt
00:00:15]} Nc6 {[%clk 01:28:06]} {[%emt 00:01:24]} 7. Nc3 {[%clk 01:31:22]}
{[%emt 00:01:44]} e5 {[%clk 01:26:31]} {[%emt 00:02:05]} 8. e3 {[%clk
01:23:34]} {[%emt 00:08:19]} exd4 {[%clk 01:22:06]} {[%emt 00:04:54]} 9. exd4
{[%clk 01:22:33]} {[%emt 00:01:32]} Bf5 {[%clk 01:15:01]} {[%emt 00:07:34]} 10.
Bf4 {[%clk 01:01:48]} {[%emt 00:21:16]} Re8 {[%clk 01:09:22]} {[%emt 00:06:08]}
11. Qd2 {[%clk 00:59:45]} {[%emt 00:02:33]} Ne4 {[%clk 01:05:13]} {[%emt
00:04:39]} 12. Nxe4 {[%clk 00:58:55]} {[%emt 00:01:20]} Bxe4 {[%clk 01:05:20]}
{[%emt 00:00:23]} 13. Be3 {[%clk 00:53:36]} {[%emt 00:05:50]} d5 {[%clk
01:01:53]} {[%emt 00:03:55]} 14. c5 {[%clk 00:46:08]} {[%emt 00:07:58]} Qf6
{[%clk 00:58:17]} {[%emt 00:04:06]} 15. Qd1 {[%clk 00:42:19]} {[%emt 00:04:20]}
Bxf3 {[%clk 00:55:10]} {[%emt 00:03:37]} 16. Qxf3 {[%clk 00:42:04]} {[%emt
00:00:44]} Qxf3 {[%clk 00:52:52]} {[%emt 00:02:49]} 17. Bxf3 {[%clk 00:42:17]}
{[%emt 00:00:17]} Nxd4 {[%clk 00:53:04]} {[%emt 00:00:17]} 18. Bxd4 {[%clk
00:41:48]} {[%emt 00:00:59]} Bxd4 {[%clk 00:53:14]} {[%emt 00:00:21]} 19. Bxd5
{[%clk 00:40:26]} {[%emt 00:01:52]} c6 {[%clk 00:52:29]} {[%emt 00:01:14]} 20.
Bb3 {[%clk 00:38:12]} {[%emt 00:02:45]} Bxc5 {[%clk 00:51:31]} {[%emt
00:01:28]} 21. Rad1 {[%clk 00:38:00]} {[%emt 00:00:42]} Re7 {[%clk 00:48:32]}
{[%emt 00:03:29]} 22. Rd3 {[%clk 00:35:55]} {[%emt 00:02:36]} Rae8 {[%clk
00:45:27]} {[%emt 00:03:27]} 23. Rfd1 {[%clk 00:31:51]} {[%emt 00:04:42]} Re2
{[%clk 00:41:44]} {[%emt 00:04:12]} 24. Rf3 {[%clk 00:31:09]} {[%emt 00:01:13]}
R8e7 {[%clk 00:41:24]} {[%emt 00:00:50]} 25. Rc1 {[%clk 00:26:19]} {[%emt
00:05:21]} Bd4 {[%clk 00:40:01]} {[%emt 00:01:51]} 26. Rc2 {[%clk 00:25:34]}
{[%emt 00:01:16]} Rxc2 {[%clk 00:39:12]} {[%emt 00:01:18]} 27. Bxc2 {[%clk
00:25:54]} {[%emt 00:00:11]} Bxb2 {[%clk 00:39:26]} {[%emt 00:00:15]} 28. Re3
{[%clk 00:25:47]} {[%emt 00:00:38]} Rd7 {[%clk 00:38:05]} {[%emt 00:01:50]} 29.
Bb3 {[%clk 00:21:33]} {[%emt 00:04:45]} Kf8 {[%clk 00:37:19]} {[%emt 00:01:15]}
30. Re2 {[%clk 00:20:09]} {[%emt 00:01:55]} Bd4 {[%clk 00:36:18]} {[%emt
00:01:29]} 31. Kg2 {[%clk 00:20:06]} {[%emt 00:00:35]} c5 {[%clk 00:35:35]}
{[%emt 00:01:12]} 32. Bc4 {[%clk 00:19:46]} {[%emt 00:00:51]} a6 {[%clk
00:35:20]} {[%emt 00:00:44]} 33. a4 {[%clk 00:20:00]} {[%emt 00:00:17]} Rd6
{[%clk 00:35:25]} {[%emt 00:00:25]} 34. f4 {[%clk 00:18:55]} {[%emt 00:01:36]}
Rb6 {[%clk 00:34:47]} {[%emt 00:01:07]} 35. Bd5 {[%clk 00:18:32]} {[%emt
00:00:54]} Rb4 {[%clk 00:34:48]} {[%emt 00:00:28]} 36. Ra2 {[%clk 00:18:34]}
{[%emt 00:00:29]} Rb1 {[%clk 00:33:11]} {[%emt 00:02:06]} 37. Kh3 {[%clk
00:17:16]} {[%emt 00:01:48]} h5 {[%clk 00:31:59]} {[%emt 00:01:42]} 38. Bc4
{[%clk 00:11:40]} {[%emt 00:06:08]} f6 {[%clk 00:29:39]} {[%emt 00:02:48]} 39.
Bd3 {[%clk 00:10:27]} {[%emt 00:01:44]} Rb2 {[%clk 00:28:30]} {[%emt 00:01:39]}
40. Rxb2 {[%clk 00:09:40]} {[%emt 00:01:17]} Bxb2 {[%clk 00:28:47]} {[%emt
00:00:12]} 41. Bxg6 {[%clk 00:09:23]} {[%emt 00:00:49]} b5 {[%clk 00:26:50]}
{[%emt 00:02:25]} 42. axb5 {[%clk 00:08:52]} {[%emt 00:01:03]} axb5 {[%clk
00:27:06]} {[%emt 00:00:13]} 43. Bxh5 {[%clk 00:09:01]} {[%emt 00:00:22]}
1/2-1/2

[Event "DVM U12 2022"]
[Site "München GER"]
[Date "2022.12.29"]
[Round "5"]
[White "Limmer, Marco"]
[Black "Müller, Anker"]
[Result "1/2-1/2"]
[Termination "normal"]
[Board "1.2"]
[WhiteElo "1843"]
[BlackElo "1509"]
[WhiteClock "00:22:14"]
[BlackClock "00:17:16"]
[WhiteTeam "TV Tegernsee"]
[BlackTeam "SV Empor Berlin"]
[PlyCount "83"]
[WhiteFideId "34603506"]
[BlackFideId "1472070"]
[EventCountry "GER"]
[EventRounds "7"]
[EventType "team-swiss"]
[EventDate "2022.12.26"]

1. e4 {[%clk 01:30:58]} {[%emt 00:00:01]} c6 {[%clk 01:30:59]} 2. d4 {[%clk
01:31:23]} {[%emt 00:00:05]} d5 {[%clk 01:31:15]} {[%emt 00:00:14]} 3. Nc3
{[%clk 01:31:49]} {[%emt 00:00:05]} dxe4 {[%clk 01:31:34]} {[%emt 00:00:10]} 4.
Nxe4 {[%clk 01:32:15]} {[%emt 00:00:05]} Nf6 {[%clk 01:31:34]} {[%emt
00:00:30]} 5. Nxf6 {[%clk 01:32:27]} {[%emt 00:00:19]} exf6 {[%clk 01:30:59]}
{[%emt 00:01:05]} 6. Nf3 {[%clk 01:32:18]} {[%emt 00:00:38]} Bd6 {[%clk
01:31:23]} {[%emt 00:00:06]} 7. Bd3 {[%clk 01:30:47]} {[%emt 00:02:01]} O-O
{[%clk 01:31:44]} {[%emt 00:00:08]} 8. O-O {[%clk 01:30:52]} {[%emt 00:00:25]}
Nd7 {[%clk 01:30:53]} {[%emt 00:01:22]} 9. c4 {[%clk 01:24:36]} {[%emt
00:06:46]} a6 {[%clk 01:27:44]} {[%emt 00:03:38]} 10. Qc2 {[%clk 01:19:58]}
{[%emt 00:05:08]} h6 {[%clk 01:26:33]} {[%emt 00:01:41]} 11. Qd1 {[%clk
01:13:54]} {[%emt 00:06:34]} c5 {[%clk 01:26:16]} {[%emt 00:00:46]} 12. Nh4
{[%clk 01:08:39]} {[%emt 00:05:44]} cxd4 {[%clk 01:12:44]} {[%emt 00:14:03]}
13. Nf5 {[%clk 01:05:09]} {[%emt 00:03:59]} Ne5 {[%clk 01:12:48]} {[%emt
00:00:26]} 14. f4 {[%clk 01:02:16]} {[%emt 00:03:24]} Nxd3 {[%clk 01:06:07]}
{[%emt 00:07:09]} 15. Qxd3 {[%clk 01:00:39]} {[%emt 00:02:08]} Bxf5 {[%clk
01:04:14]} {[%emt 00:02:23]} 16. Qxf5 {[%clk 01:00:09]} {[%emt 00:01:00]} Rc8
{[%clk 01:00:25]} {[%emt 00:04:19]} 17. Qd3 {[%clk 00:56:04]} {[%emt 00:04:35]}
Qc7 {[%clk 00:57:41]} {[%emt 00:03:14]} 18. b3 {[%clk 00:55:48]} {[%emt
00:00:47]} Bb4 {[%clk 00:57:53]} {[%emt 00:00:17]} 19. Bb2 {[%clk 00:52:57]}
{[%emt 00:03:21]} Rfe8 {[%clk 00:55:02]} {[%emt 00:03:21]} 20. Kh1 {[%clk
00:46:35]} {[%emt 00:06:52]} Rcd8 {[%clk 00:54:40]} {[%emt 00:00:52]} 21. Rf3
{[%clk 00:40:40]} {[%emt 00:06:25]} Bc5 {[%clk 00:49:52]} {[%emt 00:05:17]} 22.
Rd1 {[%clk 00:39:06]} {[%emt 00:02:05]} Qa5 {[%clk 00:48:09]} {[%emt 00:02:13]}
23. a3 {[%clk 00:35:37]} {[%emt 00:04:00]} Re1 {[%clk 00:46:58]} {[%emt
00:01:41]} 24. Rxe1 {[%clk 00:31:06]} {[%emt 00:05:01]} Qxe1 {[%clk 00:47:00]}
{[%emt 00:00:28]} 25. Rf1 {[%clk 00:31:30]} {[%emt 00:00:06]} Qe3 {[%clk
00:47:10]} {[%emt 00:00:19]} 26. Rf3 {[%clk 00:31:05]} {[%emt 00:00:56]} Qxd3
{[%clk 00:43:51]} {[%emt 00:03:49]} 27. Rxd3 {[%clk 00:31:26]} {[%emt
00:00:09]} a5 {[%clk 00:42:21]} {[%emt 00:02:00]} 28. b4 {[%clk 00:28:10]}
{[%emt 00:03:45]} axb4 {[%clk 00:42:11]} {[%emt 00:00:40]} 29. axb4 {[%clk
00:28:35]} {[%emt 00:00:05]} Bxb4 {[%clk 00:32:21]} {[%emt 00:10:20]} 30. Rxd4
{[%clk 00:28:58]} {[%emt 00:00:07]} Rxd4 {[%clk 00:31:14]} {[%emt 00:01:36]}
31. Bxd4 {[%clk 00:29:14]} {[%emt 00:00:14]} Kf8 {[%clk 00:31:10]} {[%emt
00:00:32]} 32. Kg1 {[%clk 00:25:53]} {[%emt 00:03:53]} Ke7 {[%clk 00:31:04]}
{[%emt 00:00:36]} 33. Kf2 {[%clk 00:26:06]} {[%emt 00:00:17]} Kd6 {[%clk
00:31:14]} {[%emt 00:00:19]} 34. Kf3 {[%clk 00:26:01]} {[%emt 00:00:36]} Bc5
{[%clk 00:31:18]} {[%emt 00:00:26]} 35. Bc3 {[%clk 00:25:49]} {[%emt 00:00:42]}
Ba3 {[%clk 00:21:54]} {[%emt 00:09:53]} 36. Bd4 {[%clk 00:25:54]} {[%emt
00:00:25]} Bc5 {[%clk 00:22:10]} {[%emt 00:00:14]} 37. Bc3 {[%clk 00:26:03]}
{[%emt 00:00:21]} Ke6 {[%clk 00:20:16]} {[%emt 00:02:24]} 38. g4 {[%clk
00:23:35]} {[%emt 00:02:59]} g6 {[%clk 00:19:52]} {[%emt 00:00:54]} 39. Ke4
{[%clk 00:22:31]} {[%emt 00:01:33]} f5 {[%clk 00:17:39]} {[%emt 00:02:43]} 40.
gxf5 {[%clk 00:22:24]} {[%emt 00:00:38]} gxf5 {[%clk 00:18:07]} {[%emt
00:00:02]} 41. Kf3 {[%clk 00:22:14]} {[%emt 00:00:40]} Kd6 {[%clk 00:17:16]}
{[%emt 00:01:20]} 42. h3 {[%emt 00:07:49]} 1/2-1/2

[Event "DVM U12 2022"]
[Site "München GER"]
[Date "2022.12.29"]
[Round "5"]
[White "Freude, Paul"]
[Black "Greive, Jakob"]
[Result "1-0"]
[Termination "normal"]
[Board "1.3"]
[WhiteElo "1491"]
[BlackElo "1600"]
[WhiteClock "00:30:00"]
[BlackClock "00:07:01"]
[WhiteTeam "SV Empor Berlin"]
[BlackTeam "TV Tegernsee"]
[PlyCount "67"]
[WhiteFideId "16280717"]
[BlackFideId "34603476"]
[EventCountry "GER"]
[EventRounds "7"]
[EventType "team-swiss"]
[EventDate "2022.12.26"]

1. e4 {[%clk 01:30:54]} {[%emt 00:00:05]} e5 {[%clk 01:30:54]} {[%emt
00:00:06]} 2. d4 {[%clk 01:31:01]} {[%emt 00:00:24]} exd4 {[%clk 01:31:15]}
{[%emt 00:00:09]} 3. Qxd4 {[%clk 01:31:28]} {[%emt 00:00:04]} Nc6 {[%clk
01:31:31]} {[%emt 00:00:13]} 4. Qe3 {[%clk 01:31:57]} {[%emt 00:00:02]} g6
{[%clk 01:31:31]} {[%emt 00:00:29]} 5. Nc3 {[%clk 01:31:50]} {[%emt 00:00:37]}
Bg7 {[%clk 01:31:25]} {[%emt 00:00:35]} 6. Bc4 {[%clk 01:31:48]} {[%emt
00:00:33]} Nf6 {[%clk 01:31:00]} {[%emt 00:00:55]} 7. f3 {[%clk 01:31:20]}
{[%emt 00:00:58]} d6 {[%clk 01:29:07]} {[%emt 00:02:22]} 8. Nge2 {[%clk
01:31:31]} {[%emt 00:00:19]} Be6 {[%clk 01:28:02]} {[%emt 00:01:35]} 9. Bb3
{[%clk 01:30:25]} {[%emt 00:01:37]} O-O {[%clk 01:23:58]} {[%emt 00:04:34]} 10.
Qf2 {[%clk 01:29:47]} {[%emt 00:01:06]} Qd7 {[%clk 01:16:52]} {[%emt 00:07:39]}
11. O-O {[%clk 01:29:05]} {[%emt 00:01:12]} Rfe8 {[%clk 01:14:33]} {[%emt
00:02:48]} 12. Nf4 {[%clk 01:27:21]} {[%emt 00:02:15]} a6 {[%clk 01:11:28]}
{[%emt 00:03:34]} 13. Nfd5 {[%clk 01:24:21]} {[%emt 00:03:31]} Nxd5 {[%clk
01:04:35]} {[%emt 00:07:23]} 14. Nxd5 {[%clk 01:21:16]} {[%emt 00:03:35]} Bxd5
{[%clk 00:59:07]} {[%emt 00:05:57]} 15. Bxd5 {[%clk 01:20:41]} {[%emt
00:01:05]} Bd4 {[%clk 00:57:00]} {[%emt 00:02:38]} 16. Be3 {[%clk 01:20:55]}
{[%emt 00:00:16]} Bxe3 {[%clk 00:56:27]} {[%emt 00:01:02]} 17. Qxe3 {[%clk
01:20:45]} {[%emt 00:00:40]} Rab8 {[%clk 00:51:36]} {[%emt 00:05:20]} 18. a3
{[%clk 01:18:19]} {[%emt 00:02:57]} Ne7 {[%clk 00:46:24]} {[%emt 00:05:42]} 19.
Bb3 {[%clk 01:14:12]} {[%emt 00:04:38]} Nf5 {[%clk 00:40:04]} {[%emt 00:06:50]}
20. Qf2 {[%clk 01:13:45]} {[%emt 00:00:58]} Ng7 {[%clk 00:39:11]} {[%emt
00:01:21]} 21. Rad1 {[%clk 01:11:10]} {[%emt 00:03:05]} Qb5 {[%clk 00:35:52]}
{[%emt 00:03:49]} 22. Rd5 {[%clk 01:05:52]} {[%emt 00:05:49]} Qd7 {[%clk
00:34:35]} {[%emt 00:01:46]} 23. Rfd1 {[%clk 01:05:08]} {[%emt 00:01:16]} Ne6
{[%clk 00:33:52]} {[%emt 00:01:12]} 24. Qg3 {[%clk 01:01:45]} {[%emt 00:03:54]}
Qc6 {[%clk 00:31:06]} {[%emt 00:03:15]} 25. Rh5 {[%clk 00:48:40]} {[%emt
00:13:33]} Ng7 {[%clk 00:25:12]} {[%emt 00:06:24]} 26. Rh6 {[%clk 00:47:01]}
{[%emt 00:02:11]} Qc5 {[%clk 00:21:04]} {[%emt 00:04:37]} 27. Kh1 {[%clk
00:45:38]} {[%emt 00:01:54]} Qe3 {[%clk 00:16:58]} {[%emt 00:04:34]} 28. Rh3
{[%clk 00:33:49]} {[%emt 00:12:21]} Nh5 {[%clk 00:12:55]} {[%emt 00:04:33]} 29.
Rxh5 {[%clk 00:33:22]} {[%emt 00:00:58]} Qe2 {[%clk 00:11:07]} {[%emt
00:02:17]} 30. Rg1 {[%clk 00:32:34]} {[%emt 00:01:18]} Kg7 {[%clk 00:10:00]}
{[%emt 00:01:37]} 31. Qf4 {[%clk 00:30:42]} {[%emt 00:02:23]} f5 {[%clk
00:08:14]} {[%emt 00:02:16]} 32. Qh6 {[%clk 00:29:46]} {[%emt 00:01:26]} Kf6
{[%clk 00:07:23]} {[%emt 00:01:21]} 33. Rxf5 {[%clk 00:30:00]} {[%emt
00:00:16]} Ke7 {[%clk 00:07:01]} {[%emt 00:00:50]} 34. Rf7 {[%emt 00:02:04]}
1-0

[Event "DVM U12 2022"]
[Site "München GER"]
[Date "2022.12.29"]
[Round "5"]
[White "Franzky, Julian"]
[Black "Jankowski, Antoni"]
[Result "1/2-1/2"]
[Termination "normal"]
[Board "1.4"]
[WhiteElo "1505"]
[BlackElo "1119"]
[WhiteClock "00:12:51"]
[BlackClock "01:15:51"]
[WhiteTeam "TV Tegernsee"]
[BlackTeam "SV Empor Berlin"]
[PlyCount "62"]
[WhiteFideId "16291603"]
[BlackFideId "21076642"]
[EventCountry "GER"]
[EventRounds "7"]
[EventType "team-swiss"]
[EventDate "2022.12.26"]

1. e4 {[%clk 01:30:59]} {[%emt 00:00:01]} c6 {[%clk 01:30:59]} {[%emt
00:00:01]} 2. d4 {[%clk 01:31:23]} {[%emt 00:00:06]} d5 {[%clk 01:31:29]} 3.
exd5 {[%clk 01:31:45]} {[%emt 00:00:08]} cxd5 {[%clk 01:31:58]} 4. Bd3 {[%clk
01:31:56]} {[%emt 00:00:19]} Nc6 {[%clk 01:32:05]} {[%emt 00:00:23]} 5. Nf3
{[%clk 01:31:58]} {[%emt 00:00:27]} Nf6 {[%clk 01:32:04]} {[%emt 00:00:32]} 6.
c3 {[%clk 01:31:26]} {[%emt 00:01:03]} g6 {[%clk 01:32:03]} {[%emt 00:00:31]}
7. Bf4 {[%clk 01:30:57]} {[%emt 00:00:59]} Bf5 {[%clk 01:31:47]} {[%emt
00:00:46]} 8. Bxf5 {[%clk 01:29:02]} {[%emt 00:02:24]} gxf5 {[%clk 01:32:15]}
{[%emt 00:00:02]} 9. Qc2 {[%clk 01:27:05]} {[%emt 00:02:28]} e6 {[%clk
01:32:25]} {[%emt 00:00:20]} 10. Nbd2 {[%clk 01:23:56]} {[%emt 00:03:38]} Be7
{[%clk 01:31:23]} {[%emt 00:01:32]} 11. Ne5 {[%clk 01:14:09]} {[%emt 00:10:17]}
Qc8 {[%clk 01:27:59]} {[%emt 00:03:54]} 12. Qa4 {[%clk 01:07:07]} {[%emt
00:07:32]} Nd7 {[%clk 01:27:12]} {[%emt 00:01:17]} 13. Ndf3 {[%clk 00:56:46]}
{[%emt 00:10:52]} Rg8 {[%clk 01:26:46]} {[%emt 00:00:54]} 14. Nxc6 {[%clk
00:49:12]} {[%emt 00:08:05]} Qxc6 {[%clk 01:26:16]} {[%emt 00:01:00]} 15. Qxc6
{[%clk 00:47:13]} {[%emt 00:02:29]} bxc6 {[%clk 01:26:44]} {[%emt 00:00:02]}
16. g3 {[%clk 00:44:04]} {[%emt 00:03:39]} c5 {[%clk 01:26:45]} {[%emt
00:00:29]} 17. Be3 {[%clk 00:37:11]} {[%emt 00:07:23]} Rb8 {[%clk 01:26:33]}
{[%emt 00:00:43]} 18. O-O-O {[%clk 00:33:52]} {[%emt 00:03:48]} cxd4 {[%clk
01:26:19]} {[%emt 00:00:43]} 19. Bxd4 {[%clk 00:30:59]} {[%emt 00:03:23]} Bc5
{[%clk 01:26:01]} {[%emt 00:00:48]} 20. Rhe1 {[%clk 00:28:33]} {[%emt
00:02:56]} Bxd4 {[%clk 01:22:14]} {[%emt 00:04:18]} 21. Rxd4 {[%clk 00:26:39]}
{[%emt 00:02:24]} Nf6 {[%clk 01:21:58]} {[%emt 00:00:45]} 22. Ne5 {[%clk
00:21:32]} {[%emt 00:05:38]} Rb6 {[%clk 01:18:54]} {[%emt 00:03:34]} 23. f3
{[%clk 00:18:46]} {[%emt 00:03:15]} a6 {[%clk 01:16:18]} {[%emt 00:03:08]} 24.
Nd3 {[%clk 00:15:40]} {[%emt 00:03:36]} Ke7 {[%clk 01:16:04]} {[%emt 00:00:43]}
25. Rb4 {[%clk 00:12:47]} {[%emt 00:03:24]} Rgb8 {[%clk 01:16:05]} {[%emt
00:00:28]} 26. Ne5 {[%clk 00:12:28]} {[%emt 00:00:49]} R8b7 {[%clk 01:15:26]}
{[%emt 00:01:10]} 27. Nc6 {[%clk 00:11:49]} {[%emt 00:01:09]} Kd7 {[%clk
01:14:39]} {[%emt 00:01:17]} 28. Ne5 {[%clk 00:12:07]} {[%emt 00:00:14]} Ke7
{[%clk 01:14:58]} {[%emt 00:00:09]} 29. Nc6 {[%clk 00:12:30]} {[%emt 00:00:08]}
Kd7 {[%clk 01:15:27]} {[%emt 00:00:01]} 30. Ne5 {[%clk 00:12:51]} {[%emt
00:00:09]} Ke7 {[%clk 01:15:51]} {[%emt 00:00:04]} 31. Nc6 {[%emt 00:00:52]}
Kd7 {[%emt 00:00:01]} 1/2-1/2

[Event "DVM U12 2022"]
[Site "München GER"]
[Date "2022.12.29"]
[Round "5"]
[White "Lu, Yunong Elias"]
[Black "Meusel, Theodor"]
[Result "1-0"]
[Termination "normal"]
[Board "2.1"]
[WhiteElo "1678"]
[BlackElo "1449"]
[WhiteClock "00:24:21"]
[BlackClock "00:23:05"]
[WhiteTeam "Hamburger SK von 1830"]
[BlackTeam "TSG Oberschöneweide"]
[PlyCount "107"]
[WhiteFideId "16276426"]
[BlackFideId "34617116"]
[EventCountry "GER"]
[EventRounds "7"]
[EventType "team-swiss"]
[EventDate "2022.12.26"]

1. e4 {[%clk 01:30:54]} {[%emt 00:00:04]} e6 {[%clk 01:30:52]} {[%emt
00:00:09]} 2. d4 {[%clk 01:31:15]} {[%emt 00:00:10]} d5 {[%clk 01:31:10]}
{[%emt 00:00:12]} 3. Nd2 {[%clk 01:31:33]} {[%emt 00:00:11]} c5 {[%clk
01:31:20]} {[%emt 00:00:20]} 4. exd5 {[%clk 01:31:53]} {[%emt 00:00:10]} exd5
{[%clk 01:31:37]} {[%emt 00:00:13]} 5. Ngf3 {[%clk 01:32:09]} {[%emt 00:00:13]}
Nc6 {[%clk 01:31:46]} {[%emt 00:00:22]} 6. Be2 {[%clk 01:28:45]} {[%emt
00:03:54]} Nf6 {[%clk 01:27:48]} {[%emt 00:04:29]} 7. O-O {[%clk 01:28:34]}
{[%emt 00:00:41]} cxd4 {[%clk 01:23:00]} {[%emt 00:05:18]} 8. Nb3 {[%clk
01:27:04]} {[%emt 00:01:59]} Bd6 {[%clk 01:20:52]} {[%emt 00:02:38]} 9. Nbxd4
{[%clk 01:26:04]} {[%emt 00:01:29]} O-O {[%clk 01:19:03]} {[%emt 00:02:19]} 10.
c3 {[%clk 01:23:16]} {[%emt 00:03:18]} Bg4 {[%clk 01:15:20]} {[%emt 00:04:11]}
11. Bg5 {[%clk 01:20:20]} {[%emt 00:03:26]} Re8 {[%clk 01:09:44]} {[%emt
00:06:06]} 12. Re1 {[%clk 01:16:26]} {[%emt 00:04:25]} Bc7 {[%clk 01:00:28]}
{[%emt 00:09:46]} 13. h3 {[%clk 01:10:24]} {[%emt 00:06:32]} Nxd4 {[%clk
00:56:53]} {[%emt 00:04:04]} 14. Qxd4 {[%clk 01:04:17]} {[%emt 00:06:38]} Re4
{[%clk 00:52:33]} {[%emt 00:04:49]} 15. Qd2 {[%clk 01:00:10]} {[%emt 00:04:38]}
Bh5 {[%clk 00:49:41]} {[%emt 00:03:21]} 16. Rad1 {[%clk 00:57:32]} {[%emt
00:03:09]} Qe7 {[%clk 00:39:58]} {[%emt 00:10:13]} 17. Be3 {[%clk 00:42:21]}
{[%emt 00:15:41]} Qd6 {[%clk 00:36:59]} {[%emt 00:03:28]} 18. g3 {[%clk
00:41:09]} Rae8 {[%clk 00:31:57]} {[%emt 00:07:14]} 19. Bf4 {[%emt 00:17:26]}
Qe7 {[%clk 00:26:52]} 20. Bd3 {[%clk 00:22:25]} {[%emt 00:07:53]} Bxf4 {[%clk
00:21:35]} {[%emt 00:05:46]} 21. gxf4 {[%clk 00:21:17]} {[%emt 00:01:39]} Bxf3
{[%clk 00:20:13]} {[%emt 00:01:52]} 22. Bxe4 {[%clk 00:21:13]} {[%emt
00:00:34]} Nxe4 {[%clk 00:19:56]} {[%emt 00:00:46]} 23. Qxd5 {[%clk 00:20:24]}
{[%emt 00:01:20]} Bxd1 {[%clk 00:19:43]} {[%emt 00:00:43]} 24. Qxd1 {[%clk
00:20:10]} {[%emt 00:00:44]} Qd6 {[%clk 00:17:40]} {[%emt 00:02:33]} 25. Qa4
{[%clk 00:18:27]} {[%emt 00:02:01]} Qg6 {[%clk 00:16:10]} {[%emt 00:02:12]} 26.
Kh2 {[%clk 00:18:45]} {[%emt 00:00:12]} Qc6 {[%clk 00:15:26]} {[%emt 00:01:13]}
27. Qxa7 {[%clk 00:16:42]} {[%emt 00:02:33]} Nf6 {[%clk 00:12:52]} {[%emt
00:03:00]} 28. Rxe8 {[%clk 00:16:42]} {[%emt 00:00:34]} Nxe8 {[%clk 00:12:57]}
{[%emt 00:00:26]} 29. Qe3 {[%clk 00:16:56]} {[%emt 00:00:15]} Qe6 {[%clk
00:11:43]} {[%emt 00:01:44]} 30. Qa7 {[%clk 00:16:15]} {[%emt 00:01:00]} Qd7
{[%clk 00:10:44]} {[%emt 00:01:39]} 31. a4 {[%clk 00:15:48]} {[%emt 00:00:59]}
Qc7 {[%emt 00:02:05]} 32. Kg1 {[%emt 00:00:50]} Qxf4 {[%emt 00:01:10]} 33. Qxb7
{[%clk 00:15:49]} {[%emt 00:00:03]} Qxa4 {[%clk 00:08:42]} {[%emt 00:00:22]}
34. Qb8 {[%emt 00:01:34]} Qd1 {[%clk 00:08:10]} {[%emt 00:00:20]} 35. Kg2
{[%emt 00:01:20]} Qd7 {[%emt 00:01:33]} 36. c4 {[%clk 00:14:14]} {[%emt
00:00:31]} Kf8 {[%clk 00:07:13]} {[%emt 00:00:46]} 37. b3 {[%clk 00:14:37]}
{[%emt 00:00:07]} Qc6 {[%clk 00:07:06]} {[%emt 00:00:35]} 38. Kg1 {[%clk
00:14:27]} {[%emt 00:00:27]} Qd6 {[%clk 00:07:24]} {[%emt 00:00:25]} 39. Qb7
{[%clk 00:14:01]} {[%emt 00:00:52]} Qe7 {[%clk 00:06:30]} {[%emt 00:01:28]} 40.
Qb8 {[%clk 00:12:43]} {[%emt 00:01:48]} Qe1 {[%clk 00:06:22]} {[%emt 00:00:39]}
41. Kg2 {[%clk 00:12:28]} {[%emt 00:00:46]} Qe4 {[%clk 00:05:34]} {[%emt
00:01:17]} 42. Kg1 {[%clk 00:11:29]} {[%emt 00:01:17]} Qe6 {[%clk 00:05:15]}
{[%emt 00:01:01]} 43. Kg2 {[%clk 00:11:32]} {[%emt 00:00:27]} f6 {[%clk
00:02:22]} {[%emt 00:03:23]} 44. Qb7 {[%clk 00:09:09]} {[%emt 00:02:49]} Qf7
{[%clk 00:01:47]} {[%emt 00:01:10]} 45. Qb4 {[%clk 00:07:46]} {[%emt 00:01:47]}
Qe7 {[%clk 00:01:12]} {[%emt 00:01:10]} 46. c5 {[%clk 00:03:36]} {[%emt
00:04:41]} f5 {[%clk 00:27:37]} {[%emt 00:04:04]} 47. Kg1 {[%clk 00:28:39]}
{[%emt 00:05:25]} Qg5 {[%clk 00:27:26]} {[%emt 00:00:42]} 48. Kh2 {[%clk
00:28:33]} {[%emt 00:00:34]} f4 {[%clk 00:26:36]} {[%emt 00:01:24]} 49. c6
{[%clk 00:28:33]} {[%emt 00:00:30]} Kf7 {[%clk 00:26:03]} {[%emt 00:01:02]} 50.
Qc4 {[%clk 00:28:07]} {[%emt 00:00:57]} Kg6 {[%clk 00:24:47]} {[%emt 00:01:45]}
51. c7 {[%clk 00:23:47]} {[%emt 00:04:50]} f3 {[%clk 00:23:52]} {[%emt
00:01:25]} 52. Qc6 {[%clk 00:24:16]} {[%emt 00:00:01]} Nf6 {[%clk 00:23:08]}
{[%emt 00:01:13]} 53. Qxf3 {[%clk 00:24:02]} {[%emt 00:00:45]} Qe5 {[%clk
00:23:05]} {[%emt 00:00:31]} 54. Qg3 {[%clk 00:24:21]} {[%emt 00:00:14]} 1-0